Central Library OPAC University of Rajshahi

Fundamentals of ecology / (Record no. 80132)

MARC details
000 -LEADER
fixed length control field 00764nam a2200265 a 4500
001 - CONTROL NUMBER
control field 80132
003 - CONTROL NUMBER IDENTIFIER
rucl marc code BD-RjUL
005 - DATE AND TIME OF LATEST TRANSACTION
control field 20220728105302.0
008 - FIXED-LENGTH DATA ELEMENTS--GENERAL INFORMATION
fixed length control field 220727r20172005at 000 0 eng d
020 ## - INTERNATIONAL STANDARD BOOK NUMBER
International Standard Book Number 8131500209
International Standard Book Number 9788131500200
035 ## - SYSTEM CONTROL NUMBER
System control number (BD-RjUL)80132
040 ## - CATALOGING SOURCE
Original cataloging agency WIS
Language of cataloging eng
Transcribing agency INCSK
Modifying agency OCLCQ
-- BD-RjUL
041 ## - LANGUAGE CODE
Language code of text/sound track or separate title eng
082 ## - DEWEY DECIMAL CLASSIFICATION NUMBER
Edition number 23
Classification number 577
Author mark and year ODF 2017
100 1# - MAIN ENTRY--PERSONAL NAME
Personal name Odum, Eugene P.
9 (RLIN) 4166
245 10 - TITLE STATEMENT
Title Fundamentals of ecology /
Statement of responsibility, etc. Eugene P. Odum, Gary W. Barrett.
250 ## - EDITION STATEMENT
Edition statement 5th ed.
260 ## - PUBLICATION, DISTRIBUTION, ETC. (IMPRINT)
Place of publication, distribution, etc. Australia ;
-- New Delhi :
Name of publisher, distributor, etc. Cengage Learning,
Date of publication, distribution, etc. c2005, [Indian reprint 2017]
300 ## - PHYSICAL DESCRIPTION
Pagination xviii, 596 pages :
Illustrations ill.;
Size 26 cm.
500 ## - GENERAL NOTE
General note Includes index.
650 #0 - SUBJECT ADDED ENTRY--TOPICAL TERM
Topical term or geographic name as entry element Ecology.
700 1# - ADDED ENTRY--PERSONAL NAME
Personal name Barrett, Gray W.
942 ## - ADDED ENTRY ELEMENTS (KOHA)
Source of classification or shelving scheme Dewey Decimal Classification
Koha item type Books
Holdings
Lost status Source of classification or shelving scheme Damaged status Not for loan Collection code Permanent Location Current Location Shelving location Date acquired Source of acquisition Cost, normal purchase price Total Checkouts Full call number Date last seen Copy number Koha item type Date checked out
  Dewey Decimal Classification   Not For Loan Non-fiction Central Library, University of Rajshahi Central Library, University of Rajshahi Reading Room 25/04/2022 Paragon Enterprise, Dhaka 1183.00   577 ODF 2017 28/07/2022 C-1 Books  
  Dewey Decimal Classification     Non-fiction Central Library, University of Rajshahi Central Library, University of Rajshahi General Stacks 25/04/2022 Paragon Enterprise, Dhaka 1183.00 3 577 ODF 2017 31/08/2023 C-2 Books 31/08/2023